[Event "Krefeld Pfingsten op"]
[Site "Krefeld"]
[Date "2025.06.06"]
[Round "1"]
[White "Karaschewski, Kevin"]
[Black "Wahlund, Max"]
[Result "0-1"]
[WhiteElo "1706"]
[BlackElo "2123"]
[PlyCount "46"]
[EventDate "2025.06.06"]
[EventType "swiss"]
[EventRounds "9"]
[EventCountry "GER"]
[SourceTitle "CB24_2025"]
[SourceDate "2025.06.11"]
[SourceVersion "1"]
[SourceVersionDate "2025.06.11"]
[SourceQuality "1"]

1. d4 Nf6 2. c4 c5 3. d5 b5 4. cxb5 a6 5. e3 g6 6. Nf3 Bg7 7. bxa6 0-0 8. Nc3 Qa5 9. Bd2 Bxa6 10. Be2 Bxe2 11. Qxe2 Qa6 12. Qxa6 Nxa6 13. 0-0 Rfb8 14. Rfb1 Nb4 15. Rc1 d6 16. a3 Nbxd5 17. Rab1 Rb3 18. Ne1 Rab8 19. Rc2 Nxc3 20. Bxc3 Rxa3 21. Rcc1 Rab3 22. Nd3 Ne4 23. Bxg7 Kxg7 0-1